|
|
|
|
| LEADER |
01074nam a2200241 a 4500 |
| 001 |
00025196 |
| 008 |
120603s2010 enka 000 1 eng |
| 020 |
|
|
|a 9780194248914 (book.)
|
| 020 |
|
|
|a 9780194248433 (book and multiROM pack)
|
| 040 |
|
|
|a BD-DhAAL
|c BD-DhAAL
|
| 082 |
0 |
0 |
|a 428.6
|2 22
|
| 100 |
1 |
|
|a Lindop, Christine.
|
| 245 |
1 |
0 |
|a Green planet /
|c Christine Lindop.
|
| 260 |
|
|
|a Oxford ;
|a New York :
|b Oxford University Press,
|c c2010.
|
| 300 |
|
|
|a 67 p. :
|b col. ill. ;
|c 21 cm.
|
| 490 |
0 |
|
|a Dominoes. Level two.
|
| 541 |
|
|
|e 00025196
|
| 650 |
0 |
|
|a Readers (Adult)
|
| 650 |
0 |
|
|a Readers for new literates.
|
| 650 |
|
0 |
|a Reading comprehension
|v Problems, exercises, etc.
|
| 852 |
1 |
|
|a Ayesha Abed Library
|c General shelf.
|
| 999 |
|
|
|c 12334
|d 12334
|
| 952 |
|
|
|0 0
|1 0
|2 ddc
|4 0
|6 428_600000000000000_LIN
|7 0
|9 20384
|a BRACUL
|b BRACUL
|c GEN
|d 2012-06-04
|e Paragon Enterprise
|g 165.00
|l 0
|o 428.6 LIN
|p 3010025196
|r 2012-06-04
|t 1
|w 2012-06-04
|y BK
|x Transferred from BIL to BRACUL on 06/06/22
|